Načítá se...

The Song of Hiawatha

Podrobná bibliografie
Hlavní autor: Longfellow, H W
Médium: Printed Book
Vydáno: London; J M Dent & Sons Ltd; 1960
Vydání:1st
Témata:
LEADER 00498nam a22001457a 4500
082 |a cl#  |b LON/T K0 
100 |a Longfellow, H W  |9 168949 
245 |a The Song of Hiawatha 
250 |a 1st 
260 |a London;  |b J M Dent & Sons Ltd;  |c 1960 
300 |a 214p. 
650 |a English; English LIterature; Literature; English Poems  |9 168950 
942 |c BK 
999 |c 63321  |d 63321 
952 |0 0  |1 0  |4 0  |6 CL__LON_T_K0  |7 0  |8 Englishp  |9 75833  |a MAL  |b MAL  |d 2016-10-05  |e 9878  |l 0  |o cl# LON/T K0  |p MAL09878  |r 2016-10-05  |t 1  |w 2016-10-05  |y BK